Loading...

Ecology, growth and nutritional status

Bibliographic Details
Main Author: Kaul, Samvit S
Other Authors: Nyamongu
Format: Printed Book
Language:Undetermined
English
Published: New Delhi Ashish publishing House 1990
LEADER 00569nam a2200181Ia 4500
008 140306s9999 xx 000 0 und d
020 |a 817024286x 
041 |a eng 
082 |a 338.9  |b KAU/EC 
100 |a Kaul, Samvit S 
245 |a Ecology, growth and nutritional status 
260 |a New Delhi  |b Ashish publishing House  |c 1990 
300 |a 207 
365 |b Rs. 200 
700 |a Nyamongu 
942 |2 ddc  |c BK 
999 |c 179665  |d 179665 
952 |0 0  |1 0  |2 ddc  |4 0  |6 338_900000000000000_KAU_EC  |7 0  |9 184835  |a KAUCBV  |b KAUCBV  |d 2004-04-02  |g 200.00  |o 338.9 KAU/EC  |r 2014-03-22  |w 2014-03-22  |y BK